| Tag |
First Indicator |
Second Indicator |
Subfields |
| LEADER |
00000cam a2200000 4500 |
| 001 |
in00000061841 |
| 005 |
20151008050616.0 |
| 008 |
750307s1955 nyu 00000 eng u |
| 010 |
|
|
|a 55006037
|
| 035 |
|
|
|a (OCoLC)01204200
|
| 035 |
|
|
|9 AAG2107AM
|
| 040 |
|
|
|c IAU
|d TXA
|d UtOrBLW
|
| 049 |
|
|
|a TXAM
|c [258009]
|
| 050 |
0 |
0 |
|a H31
|b .T47
|
| 092 |
|
|
|a 308
|b T468g
|
| 100 |
1 |
|
|a Thompson, Arthur William.
|
| 245 |
1 |
0 |
|a Gateway to the social sciences.
|
| 264 |
|
1 |
|a New York :
|b Holt,
|c [1955]
|
| 300 |
|
|
|a 374 pages ;
|c 24 cm.
|
| 336 |
|
|
|a text
|b txt
|2 rdacontent
|
| 337 |
|
|
|a unmediated
|b n
|2 rdamedia
|
| 338 |
|
|
|a volume
|b nc
|2 rdacarrier
|
| 650 |
|
0 |
|a Social sciences.
|
| 999 |
|
|
|a MARS
|
| 999 |
f |
f |
|s a48a6dbe-110f-3f11-a89d-8e72c5de4c49
|i d235b7fc-fc34-3d73-8348-769ed9e6b0e0
|t 0
|
| 952 |
f |
f |
|p ric
|a Texas A&M University
|b Rellis Campus
|c Joint Library Facility
|d Remote Storage
|t 0
|e H31 .T47
|h Library of Congress classification
|i unmediated -- volume
|m A14800647011
|
| 998 |
f |
f |
|a H31 .T47
|t 0
|l Remote Storage
|